00450nam a2200145 i 450000100060000000300090000600500170001500700030003200800410003510000280007624500880010426000300019250000580022285200240028039950ES-MaACL20230906160116.0t|030304s1919 sp ||||1| spa d1 aCarro Garcia, Santiago.10aNecesidad de reformar la Sanidad pública en España / cSantiago Carro García. aMadrid : b[s.n., c1919] aTexto taquigráfico de la conferencia pronunciada... aES-MaACLj1561-F-26